000 00312nam a2200133Ia 4500
005 20260328104333.0
008 260328s9999||||xx |||||||||||||| ||und||
100 _aImbrey, Jai
245 0 _aMosques ; Splendors of Islam /
_cJai Imbrey
260 _bRizzoli
300 _a304 p.
650 _aIslam
942 _cBK
999 _c11771
_d11771